000 02007nam a2200241Ia 4500
003 Ost
005 20260507075457.0
008 260507s9999||||xx |||||||||||||| ||und||
040 _cfsecg
041 _aara
082 _a658.848
100 _aالشيخ، محمود
_eمؤلف
245 0 _aالتسويق الدولي /
_c محمود الشيخ
260 _aعمان:
_bدار اسامة,
_c2007
300 _a296 صفحة؛
_bإيضاحات ؛
_c24 سم
504 _aبيبليوغرافيا ص.275
520 _aيتناول هذا الكتاب في طياته مايلي المقدمة-الفصل الأول : مفهوم وأهمية التسويق تطوره ومداخلة الحديثة-الفصل الثاني : صناعة التسويق-الفصل الثالث : دراسة السوق-الفصل الرابع : سياسة المنتج في المفهوم التسويقى-الفصل الخامس : التسويق المباشر-الفصل السادس : أساسيات مزاولة النشاط التصديرى-الفصل الثامن : عقد الوكالة-الفصل التاسع : الاعتمادات المستندية-الفصل العاشر : المستندات المستخدمة في التجارة الدولية-الفصل الحادي عشر : التحكيم في المنازعات التجارية الدولية-الفصل الثاني عشر : التجارة الدولية-الفصل الرابع عشر: التسويق والأسواق الصناعية العالمية (التسويق الدولي)-الفصل السادس عشر : بعض المعايير لتحديد درجة دخول الشركات الأجنبية في الأسواق العالمية-الفصل السابع عشر : نظام الترقيم الدولي-الفصل التاسع عشر : مصطلحات تجارية واقتصادية هامة.
653 _aتسويق دولي
653 _aتطور
653 _aصناعة التسويق
653 _aمفهوم
942 _cكتاب
999 _c44675
_d44675